000 00540nam a2200181 a 4500
001 000023675
005 20200930022404.0
008 101218s1977 xxu r 001 0 spa d
040 _aDO-SdBNP
_bspa
_cBNPHU
082 _axxxxx
_bL673e
100 1 _aLewis, H. Espencer
_948773
245 1 0 _aEnsayos de un místico moderno /
_cH. Espencer Lewis.
250 _a4a ed.
260 _aCalifornia, Estados Unidos :
_bGran Lógica Suprema de Amor,
_c1977.
300 _a239 p. ;
_c20 cm.
500 _aIncluye índice analítico.
049 _aBNGR
999 _c23171
_d23171